| 000 | 00519nam a2200181Ia 4500 | ||
|---|---|---|---|
| 005 | 20250508152842.0 | ||
| 008 | 008 250505s9999 xx 000 0 eng d | ||
| 037 | _aTextual | ||
| 040 |
_aFEDL _beng _cFEDL |
||
| 041 |
_aeng _2eng |
||
| 084 |
_a371.426, McG _qFEDL |
||
| 100 |
_aMcGlothlin William J _9762573 |
||
| 245 | 0 | _aPatterns of professional education | |
| 260 |
_aNew York, USA _bG P Putnam's Sons _c1960 |
||
| 300 | _axviii,288p | ||
| 942 |
_cTEXL _h371.426, McG |
||
| 999 |
_c1339198 _d1339198 |
||